Sova /
Uloženo v:
| Série: | Holger Munch a Mia Krügerová,
část 2 |
|---|---|
| Hlavní autor: | |
| Další autoři: | , , |
| Médium: | E-audiokniha |
| Jazyk: | Czech |
| Vydáno: |
Praha :
Plus,
[2016]
|
| Témata: | |
| Příbuzné jednotky: | Z cyklu::
Holger Munch a Mia Krügerová |
| Tagy: |
Žádné tagy |
| LEADER | 03704nim a2201081 ia4500 | ||
|---|---|---|---|
| 001 | 313060 | ||
| 003 | CZ PrSKC | ||
| 005 | 20260601215734.0 | ||
| 007 | sd fungnnmmned | ||
| 008 | 161011t20162016xr nnnng f n cze | ||
| 015 | |a cnb002840288 | ||
| 024 | 3 | |a 8594050422452 | |
| 028 | 0 | 1 | |a 8594050422452 |b Plus |
| 040 | |a ABA001 |b cze |e rda | ||
| 041 | 1 | |d cze |h nor | |
| 072 | 7 | |a 821.11 |x Germánské literatury |2 Konspekt | |
| 080 | |a 821.113.5-31 |2 MRF | ||
| 080 | |a (0:82-312.4) |2 MRF | ||
| 080 | |a (086.7)08 |2 MRF | ||
| 080 | |a (086.76) |2 MRF | ||
| 100 | 1 | |a Bjørk, Samuel, |d 1969- |7 mzk2015885488 |4 aut | |
| 240 | 1 | 0 | |a Uglen. |l Česky |
| 245 | 1 | 0 | |a Sova / |c Samuel Bjørk ; překlad Eva Dohnálková |
| 264 | 1 | |a Praha : |b Plus, |c [2016] | |
| 264 | 4 | |c ©2016 | |
| 300 | |a 2 audiodisky (12 hod., 14 min.) ; |c 12 cm | ||
| 306 | |a 121400 | ||
| 336 | |a mluvené slovo |b spw |2 rdacontent | ||
| 337 | |a audio |b s |2 rdamedia | ||
| 338 | |a audiodisk |b sd |2 rdacarrier | ||
| 344 | |a digital |b optical |2 rda | ||
| 347 | |a audio soubor |b MP3 |2 rda | ||
| 500 | |a Název z disku | ||
| 500 | |a Copyright Albatros Media | ||
| 508 | |a Úprava a režie Jitka Škápíková | ||
| 511 | 0 | |a Čte Petra Špalková | |
| 518 | |a Natočeno ve studiu S Pro Alfa Cz v srpnu 2016 | ||
| 655 | 7 | |a norské romány |7 fd132917 |2 czenas | |
| 655 | 7 | |a detektivní romány |7 fd132010 |2 czenas | |
| 655 | 7 | |a audioknihy |7 fd119452 |2 czenas | |
| 655 | 7 | |a kompaktní disky |7 fd201991 |2 czenas | |
| 700 | 1 | |a Dohnálková, Eva |7 js20081024002 |4 trl | |
| 700 | 1 | |a Škápíková, Jitka, |d 1967- |7 mzk2007382100 |4 adp |4 drt | |
| 700 | 1 | |a Špalková, Petra, |d 1975- |7 mzk2002148039 |4 stl | |
| 787 | 0 | 8 | |i Z cyklu: |t Holger Munch a Mia Krügerová |g 2 |
| 900 | |a ABA001 |b 19 | ||
| 044 | |a xr | ||
| 505 | 0 | 0 | |t 01 (13 min., 18 sek.) |
| 505 | 0 | 0 | |t 02 (21 min., 9 sek.) |
| 505 | 0 | 0 | |t 03 (18 min., 23 sek.) |
| 505 | 0 | 0 | |t 04 (16 min., 31 sek.) |
| 505 | 0 | 0 | |t 05 (16 min., 42 sek.) |
| 505 | 0 | 0 | |t 06 (16 min., 16 sek.) |
| 505 | 0 | 0 | |t 07 (17 min., 23 sek.) |
| 505 | 0 | 0 | |t 08 (21 min., 1 sek.) |
| 505 | 0 | 0 | |t 09 (11 min., 25 sek.) |
| 505 | 0 | 0 | |t 10 (17 min., 0 sek.) |
| 505 | 0 | 0 | |t 11 (16 min., 49 sek.) |
| 505 | 0 | 0 | |t 12 (13 min., 36 sek.) |
| 505 | 0 | 0 | |t 13 (12 min., 11 sek.) |
| 505 | 0 | 0 | |t 14 (14 min., 49 sek.) |
| 505 | 0 | 0 | |t 15 (20 min., 45 sek.) |
| 505 | 0 | 0 | |t 16 (18 min., 10 sek.) |
| 505 | 0 | 0 | |t 17 (21 min., 40 sek.) |
| 505 | 0 | 0 | |t 18 (15 min., 23 sek.) |
| 505 | 0 | 0 | |t 19 (23 min., 10 sek.) |
| 505 | 0 | 0 | |t 20 (18 min., 11 sek.) |
| 505 | 0 | 0 | |t 21 (9 min., 57 sek.) |
| 505 | 0 | 0 | |t 22 (20 min., 36 sek.) |
| 505 | 0 | 0 | |t 23 (8 min., 8 sek.) |
| 505 | 0 | 0 | |t 24 (18 min., 23 sek.) |
| 505 | 0 | 0 | |t 25 (21 min., 26 sek.) |
| 505 | 0 | 0 | |t 26 (16 min., 28 sek.) |
| 505 | 0 | 0 | |t 27 (18 min., 26 sek.) |
| 505 | 0 | 0 | |t 28 (23 min., 34 sek.) |
| 505 | 0 | 0 | |t 29 (18 min., 54 sek.) |
| 505 | 0 | 0 | |t 30 (22 min., 2 sek.) |
| 505 | 0 | 0 | |t 31 (19 min., 23 sek.) |
| 505 | 0 | 0 | |t 32 (14 min., 5 sek.) |
| 505 | 0 | 0 | |t 33 (18 min., 2 sek.) |
| 505 | 0 | 0 | |t 34 (20 min., 26 sek.) |
| 505 | 0 | 0 | |t 35 (19 min., 52 sek.) |
| 505 | 0 | 0 | |t 36 (17 min., 37 sek.) |
| 505 | 0 | 0 | |t 37 (14 min., 14 sek.) |
| 505 | 0 | 0 | |t 38 (11 min., 18 sek.) |
| 505 | 0 | 0 | |t 39 (14 min., 35 sek.) |
| 505 | 0 | 0 | |t 40 (13 min., 55 sek.) |
| 505 | 0 | 0 | |t 41 (19 min., 9 sek.) |
| 505 | 0 | 0 | |t 42 (19 min., 30 sek.) |
| 505 | 0 | 0 | |t 43 (10 min., 21 sek.) |
| 910 | |a RBIT002 | ||
| 998 | |d 206743 |a https://core.palmknihy.cz/api/books/206743/cover?sms7bt |b https://core.palmknihy.cz/api/books/206743/cover/400?sms7bt |c https://core.palmknihy.cz/api/books/206743/cover/50?sms7bt |e 2026-12-05 |i 8594050422452 |l 44100 |q 49 |r 1 |s https://www.palmknihy.cz/kniha/206743 |t audiobook |y 2016 |z 0 | ||
| 999 | |d 313058 | ||